000 01329cam a22003375a 4500
001 15149052
003 OSt
005 20150817151826.0
008 080122s2008 enka frb 001 0 eng
010 _a 2008002727
020 _a9780470519264 (pbk. : alk.paper)
035 _a(OCoLC)ocn191090438
035 _a(OCoLC)191090438
040 _aDLC
_beng
_cDLC
_dBAKER
_dBWKUK
_dYDXCP
_dBWX
_dBTCTA
_dDLC
_dEG-ScBUE
050 0 0 _aTA174
_b.C76 2008
082 0 4 _a620.0042
_bCRO
_222
100 1 _aCross, Nigel,
_d1942-
_98962
245 1 0 _aEngineering design methods :
_bstrategies for product design /
_cNigel Cross.
250 _a4th ed.
260 _aChichester, England :
_aHoboken, NJ :
_bJohn Wiley& Sons ,
_cc. 2008.
300 _axii, 217 p. :
_bill. ;
_c25 cm.
500 _aIndex : p. 215-217.
504 _aBibliography : p. 213-214.
650 0 _aEngineering design.
_98963
_2BUEsh
650 0 _aProduct design
_2BUEsh
856 4 2 _3Publisher description
_uhttp://www.loc.gov/catdir/enhancements/fy0810/2008002727-d.html
856 4 1 _3Table of contents only
_uhttp://www.loc.gov/catdir/enhancements/fy0810/2008002727-t.html
906 _a7
_bcbc
_corignew
_d1
_eecip
_f20
_gy-gencatlg
942 _2ddc
_k620.0042 CRO
_cBB
999 _c12814
_d12814